000 01530nam a2200385 i 4500
001 34421
003 FINmELB
005 20241216220914.0
006 m o d |
007 cr cnu||||||||
008 230925s2023 mx ob 001 0 spa d
020 _a9786075956749
_q(e-book)
035 _a(OCoLC)1405222274
040 _aFINmELB
_bspa
_erda
_cFINmELB
050 4 _aHA30
_bM516 2023
080 _a519.22
082 0 4 _a519.55
_223
100 1 _aMejía Trejo, Juan,
_eautor.
245 1 0 _aEvaluación de impacto social.
_nTomo II :
_buso de STATA con los métodos: estimación por variable instrumental y regresión discontínua /
_cJuan Mejía Trejo.
264 1 _aJalisco :
_bAcademia Mexicana de Investigación y Docencia en Innovación SC (AMIDI),
_c2023.
300 _a1 recurso en línea (348 páginas)
336 _atexto
_btxt
_2rdacontent/spa
337 _acomputadora
_bc
_2rdamedia/spa
338 _arecurso en línea
_bcr
_2rdacarrier/spa
500 _aIncluye anexos.
500 _aIncluye glosario.
500 _aIncluye índice.
504 _aIncluye bibliografía.
588 _aDescripción basada en metadatos suministrados por el editor y otras fuentes.
590 _aRecurso electrónico. Santa Fe, Arg.: elibro, 2023. Disponible vía World Wide Web. El acceso puede estar limitado para las bibliotecas afiliadas a elibro.
650 4 _aEstadística.
655 4 _aLibros electrónicos.
797 2 _aelibro, Corp.
856 4 0 _uhttps://elibro.net/ereader/politecnicointernacional/228579
999 _c34421
_d34421